000
00274nam a2200121Ia 4500
008
191201s2006 xx 000 0 und d
100
_a
SHARMA, A K
245
0
_a
International Economics
260
_a
N. Delhi
_b
Anmol
_c
2006
300
_a
376
650
_a
MBA
942
_2
ddc
_c
BK
999
_c
147
_d
147